MARC details
| 000 -LEADER |
| fixed length control field |
02828cim a2200601Ii 4500 |
| 001 - CONTROL NUMBER |
| control field |
on1000312809 |
| 003 - CONTROL NUMBER IDENTIFIER |
| control field |
OCoLC |
| 005 - DATE AND TIME OF LATEST TRANSACTION |
| control field |
20210712105852.0 |
| 007 - PHYSICAL DESCRIPTION FIXED FIELD--GENERAL INFORMATION |
| fixed length control field |
sd fungnnmmned |
| 008 - FIXED-LENGTH DATA ELEMENTS--GENERAL INFORMATION |
| fixed length control field |
170810p20172017utunnnn f n eng d |
| 020 ## - INTERNATIONAL STANDARD BOOK NUMBER |
| International Standard Book Number |
9781524403010 |
| 020 ## - INTERNATIONAL STANDARD BOOK NUMBER |
| International Standard Book Number |
1524403016 |
| 028 02 - PUBLISHER NUMBER |
| Publisher number |
CCID#26001255 |
| Source |
Covenant Communications, Inc |
| 035 ## - SYSTEM CONTROL NUMBER |
| System control number |
(OCoLC)1000312809 |
| 040 ## - CATALOGING SOURCE |
| Original cataloging agency |
UWB |
| Language of cataloging |
eng |
| Description conventions |
rda |
| Transcribing agency |
UWB |
| Modifying agency |
OCLCO |
| -- |
UPZ |
| -- |
OCLCF |
| -- |
WACOL |
| 049 ## - LOCAL HOLDINGS (OCLC) |
| Holding library |
WACL |
| 050 #4 - LIBRARY OF CONGRESS CALL NUMBER |
| Classification number |
PS3566.O812 |
| Item number |
S43 2017ab |
| 082 0# - DEWEY DECIMAL CLASSIFICATION NUMBER |
| Classification number |
813/.54 |
| Edition number |
23 |
| 092 ## - LOCALLY ASSIGNED DEWEY CALL NUMBER (OCLC) |
| Classification number |
cd |
| Item number |
Pou |
| 100 1# - MAIN ENTRY--PERSONAL NAME |
| Personal name |
Poulson, Clair, |
| Relator term |
author. |
| 9 (RLIN) |
40583 |
| 245 14 - TITLE STATEMENT |
| Title |
The search |
| Medium |
[sound recording] / |
| Statement of responsibility, etc |
Clair M. Poulson. |
| 250 ## - EDITION STATEMENT |
| Edition statement |
Unabridged. |
| 264 #1 - Production, Publication, Distribution, Manufacture, and Copyright Notice. |
| Place of production, publication, distribution, manufacture |
[American Fork, Utah] : |
| Name of producer, publisher, distributor, manufacturer |
Covenant Communications, Inc., |
| Date of production, publication, distribution, manufacture, or copyr |
[℗2017] |
| 264 #4 - Production, Publication, Distribution, Manufacture, and Copyright Notice. |
| Date of production, publication, distribution, manufacture, or copyr |
©2017 |
| 300 ## - PHYSICAL DESCRIPTION |
| Extent |
7 audio discs (9 hr.) : |
| Other physical details |
CD audio, digital ; |
| Dimensions |
4 3/4 in. |
| 306 ## - PLAYING TIME |
| Playing time |
090000 |
| 336 ## - Content Type |
| Content type term |
spoken word |
| 337 ## - Media type |
| Media type term |
audio |
| 338 ## - Carrier type |
| Carrier type term |
audio disc |
| 340 ## - PHYSICAL MEDIUM |
| Dimensions |
4 3/4 in. |
| 500 ## - GENERAL NOTE |
| General note |
Compact discs. |
| 511 0# - PARTICIPANT OR PERFORMER NOTE |
| Participant or performer note |
Read by Jason Tatom. |
| 520 ## - SUMMARY, ETC. |
| Summary, etc |
Young private investigator Jayden Spaulding has cracked his share of tough cases, but nothing like this. When stunning professional basketball player Nadia Fairchild walks through his door, her story seems simple enough: two days ago, her mother disappeared along with a member of the women's college basketball team she coached. Jayden and Nadia delve into a baffling maze of motive and opportunity with a lengthy list of possible suspects. As they work together amid their growing attraction to one another, the unlikely duo seems no closer to discovering the truth. Then the threats begin. Soon, the pair begins to suspect that this case is much more complicated than a simple disappearance--they have unwittingly stumbled on a conspiracy of corruption, greed, and murder deadlier than they ever imagined. |
| 521 ## - TARGET AUDIENCE NOTE |
| Target audience note |
LDS fiction |
| Source |
deseret book |
| 650 #0 - SUBJECT ADDED ENTRY--TOPICAL TERM |
| Topical term or geographic name as entry element |
Private investigators |
| Form subdivision |
Fiction. |
| 9 (RLIN) |
5674912 |
| 650 #0 - SUBJECT ADDED ENTRY--TOPICAL TERM |
| Topical term or geographic name as entry element |
Missing persons |
| Form subdivision |
Fiction. |
| 9 (RLIN) |
5953178 |
| 650 #0 - SUBJECT ADDED ENTRY--TOPICAL TERM |
| Topical term or geographic name as entry element |
Conspiracies |
| Form subdivision |
Fiction. |
| 9 (RLIN) |
5673860 |
| 650 #7 - SUBJECT ADDED ENTRY--TOPICAL TERM |
| Topical term or geographic name as entry element |
Conspiracies. |
| Source of heading or term |
fast |
| 9 (RLIN) |
5953179 |
| 650 #7 - SUBJECT ADDED ENTRY--TOPICAL TERM |
| Topical term or geographic name as entry element |
Missing persons. |
| Source of heading or term |
fast |
| 9 (RLIN) |
5953180 |
| 650 #7 - SUBJECT ADDED ENTRY--TOPICAL TERM |
| Topical term or geographic name as entry element |
Private investigators. |
| Source of heading or term |
fast |
| 9 (RLIN) |
5953181 |
| 655 #7 - INDEX TERM--GENRE/FORM |
| Genre/form data or focus term |
Detective and mystery fiction. |
| Source of term |
lcgft |
| 9 (RLIN) |
5683641 |
| 655 #7 - INDEX TERM--GENRE/FORM |
| Genre/form data or focus term |
Thrillers (Fiction) |
| Source of term |
lcgft |
| 9 (RLIN) |
5697221 |
| 655 #7 - INDEX TERM--GENRE/FORM |
| Genre/form data or focus term |
Romantic suspense fiction. |
| Source of term |
gsafd |
| 9 (RLIN) |
5953182 |
| 655 #7 - INDEX TERM--GENRE/FORM |
| Genre/form data or focus term |
LDS fiction. |
| Source of term |
local |
| 9 (RLIN) |
5726108 |
| 655 #7 - INDEX TERM--GENRE/FORM |
| Genre/form data or focus term |
Audiobooks. |
| Source of term |
lcgft |
| 9 (RLIN) |
5953183 |
| 655 #7 - INDEX TERM--GENRE/FORM |
| Genre/form data or focus term |
Audiobooks. |
| Source of term |
fast |
| 9 (RLIN) |
5953183 |
| 655 #7 - INDEX TERM--GENRE/FORM |
| Genre/form data or focus term |
Detective and mystery fiction. |
| Source of term |
fast |
| 9 (RLIN) |
5683641 |
| 655 #7 - INDEX TERM--GENRE/FORM |
| Genre/form data or focus term |
Fiction. |
| Source of term |
fast |
| 9 (RLIN) |
5673940 |
| 655 #7 - INDEX TERM--GENRE/FORM |
| Genre/form data or focus term |
Suspense fiction. |
| Source of term |
fast |
| 9 (RLIN) |
5953184 |
| 700 1# - ADDED ENTRY--PERSONAL NAME |
| Personal name |
Tatom, Jason, |
| Relator term |
narrator. |
| 9 (RLIN) |
43807 |
| 942 ## - ADDED ENTRY ELEMENTS (KOHA) |
| Koha item type |
CD |
| Source of classification or shelving scheme |
Dewey Decimal Classification |
| 948 ## - LOCAL PROCESSING INFORMATION (OCLC); SERIES PART DESIGNATOR (RLIN) |
| Series part designator, SPT (RLIN) |
10/13/2017 |
| z (OCLC) |
Sirsi |